000 00482nam a2200157Ia 4500
008 151213s9999 xx 000 0 und d
020 _a0-582-2572-71
100 _aRoger Perman Yue Ma , James Mc Gilvrey
245 _aNatural Research and Environmental Economics
_cRoger Perman Yue Ma , James Mc Gilvrey
260 _aLondon
_bLongman
_c1996
300 _a6019 p.
650 _aEconomics
650 _aEconomics
700 _aRoger Perman Yue Ma , James Mc Gilvrey
999 _c3454
_d3454